| 000 | 00420nam a22000977a 4500 | ||
|---|---|---|---|
| 999 |
_c3054 _d3054 |
||
| 008 | 200720b ||||| |||| 00| 0 eng d | ||
| 100 | _aGartner, Christoph | ||
| 245 | _aCollection Peter Zgonc, Togo, British & French occupation (auction April 7, 2018) | ||
| 260 |
_aBietigheim-Bissingen, Germany _bGartner, Christop _c2018 |
||
| 650 | _aTogo (1897-) | Great Britain -- Occupation of Togo | France -- Occupation of Togo | Auctions | ||